00779nam a22002057a 4500999001900000005001700019010001500036020002600051035001500077037001400092082001000106100001300116245007700129260005500206270008900261300002700350500005000377942002400427952012200451 c159369d15936920181215124023.0 aENG-124539 c395.00a9789352808052 a EN-108071 bDBAD/PUB. a650.1 aAnand R. aHappiness at work:cby R. Anand bmindfulness, analysis and well-being / aNew DelhibSage Publications India Pvt. Ltd.c2018 aB1/I-1, Mohan Cooperative Industrial Area Mathura Road Post Bag 7bNew Delhie110044 axxii,200p.c21cm.(pbk) aIt includes bibliography and about the author 2ddccENmANAh650.1 001040718NFICaDBADbBNd2018-12-15eDBAD/PUBg395.00l0o650.1 ANApEN-108071r2018-12-15 00:00:00t1v395.00yEN